000 01191nam2a2200325 4500
001 RU\NLR\bibl\269267
005 20250620132520.0
010 _a5-7107-5376-9
_910000
021 _aRU
_b2002-5746
_9278
035 _a(NLR Aleph) 000264820
090 _a1547512
_c1547512
100 _a20020517d2002 |||y0rusy50 ca
101 0 _arus
102 _aRU
105 _aa |||||||||
200 0 _aЧ. 1
210 _d2002
_aБ. м.
215 _a283,[1] с.
_cил.
461 0 _1001RU\NLR\bibl\279043
_12001#$aЛитература$vЧ. 1
_91605793
_cМ.
_d2002
_e4-е изд., стер.
_fАвт.-сост. Т.Ф. Курдюмова]
_nДрофа
_o5 кл. : Учеб.-хрестоматия для общеобразоват. учеб. заведений : [В 2 ч.
_tЛитература
_y5-7107-5375-0
_vЧ. 1
610 0 _aЛитература - Хрестоматии
675 _a373.167.1:821.09
_v3
_zrus
675 _a821.09(075.3)
_v3
_zrus
686 _a14.25
_2rugasnti
686 _a83.3(0)я721
_2rubbk
801 0 _aRU
_bRKP
_c20020517
_gPSBO
801 1 _aRU
_bRKP
_c20020517
801 2 _aRU
_bNLR
_c20020624
_grcr
942 _cBOOK
980 _aNB